A la sombra de Darwin. Las aproximaciones evolucionistas al comportamiento humano.
সংরক্ষণ করুন:
| প্রধান লেখক: | |
|---|---|
| অন্যান্য লেখক: | , , |
| বিন্যাস: | গ্রন্থ |
| ভাষা: | ইংরেজি |
| প্রকাশিত: |
Madrid, España:
Siglo XXI de España Editores,
2003
|
| মালা: | Ciencia y Técnica
|
| বিষয়গুলি: | |
| ট্যাগগুলো: |
ট্যাগ যুক্ত করুন
কোনো ট্যাগ নেই, প্রথমজন হিসাবে ট্যাগ করুন!
|
MARC
| LEADER | 00000nam a22000007a 4500 | ||
|---|---|---|---|
| 003 | CL-VaPUC | ||
| 005 | 20230112074249.0 | ||
| 008 | 220606b2003 ||||| |||| 00| 0 eng d | ||
| 999 | |c 435797 |d 435795 | ||
| 020 | |a 84-323-1144-8 | ||
| 040 | |c Pontificia Universidad Católica de Valparaíso | ||
| 082 | 7 | |a 576 CAS 2003 |2 22 | |
| 100 | 1 | |a Castro Nogueira, Laureano |e autor |9 870213 | |
| 245 | |a A la sombra de Darwin. |b Las aproximaciones evolucionistas al comportamiento humano. | ||
| 260 | |a Madrid, España: |b Siglo XXI de España Editores, |c 2003 | ||
| 300 | |a 212 páginas | ||
| 490 | |a Ciencia y Técnica | ||
| 500 | |a c.1. Donación Biblioteca Curauma. 13/05/2022 | ||
| 583 | |c 20220606 |k Catalogador Asistente | ||
| 650 | 0 | |a Evolución |9 259442 | |
| 650 | |a Psicobiología |9 311592 | ||
| 700 | |a López-Fanjul de Argüelles, Carlos |e autor |9 870214 | ||
| 700 | |a Toro Ibañez, Miguel Angel |9 376755 |e autor | ||
| 700 | |a Ayala, Francisco J |9 304285 |e prólogo | ||
| 942 | |2 ddc |c BK | ||
| 952 | |0 0 |1 0 |2 ddc |4 0 |6 576_000000000000000_CAS_2003 |7 0 |8 A |9 583414 |a BIBCUR |b BIBCUR |c GEN |d 2022-06-06 |e Donación |i 5651544 |o 576 CAS 2003 |p 5651544 |r 2025-04-22 |t 1 |w 2022-06-06 |y BK |k BIO | ||